Statistics for Every MLS Team

Click here to take the quiz!

General Stats

  • This quiz has been taken 22 times
  • The average score is 23 of 26

Answer Stats

Answer% Correct
LA Galaxy
100%
Los Angeles FC
100%
Montreal Impact
100%
New York City FC
100%
Real Salt Lake
100%
Seattle Sounders FC
100%
D.C. United
94%
FC Dallas
94%
Portland Timbers
94%
Vancouver Whitecaps FC
94%
Chicago Fire FC
89%
Colorado Rapids
89%
Columbus Crew SC
89%
Houston Dynamo
89%
Inter Miami CF
89%
New England Revolution
89%
New York Red Bulls
89%
Orlando City SC
89%
San Jose Earthquakes
89%
Toronto FC
89%
Minnesota United FC
83%
Philadelphia Union
83%
Sporting Kansas City
83%
Atlanta United FC
78%
FC Cincinnati
72%
Nashville SC
50%

Score Distribution

Percentile by Number Answered

Percent of People with Each Score

Your Score History

You have not taken this quiz